000 00743nam a2200289Ia 4500
005 20260324130456.0
008 008 260324s9999 xx 000 0 eng d
020 _a9781315542201
037 _aEBOOK
040 _aCRL
040 _beng
040 _cCRL
041 _2eng
041 _aeng
084 _qCRL
100 _aJack Nasar; Wolfgang F. E. Preiser; Thomas Fisher
_91181922
245 0 _aDesigning for Designers (Routledge Revivals)
245 0 _bLessons Learned from Schools of Architecture
260 _bTaylor and Francis
260 _c2007
365 _a
365 _b265
856 _uhttp://www.taylorfrancis.com/books/9781315542201
942 _cEBOOK
999 _c1778119
_d1778119